<?xml version='1.0' encoding='UTF-8'?>
  <record xmlns="http://www.loc.gov/MARC21/slim">
    <leader>00000cam a2200000 i 4500</leader>
    <controlfield tag="001">ocm65728650</controlfield>
    <controlfield tag="003">OCoLC</controlfield>
    <controlfield tag="005">20251117102537.9</controlfield>
    <controlfield tag="008">900412s1575    xx            001 0 ger d</controlfield>
    <datafield tag="040" ind1=" " ind2=" ">
      <subfield code="a">NLGGC</subfield>
      <subfield code="b">eng</subfield>
      <subfield code="e">rda</subfield>
      <subfield code="e">dcrmr</subfield>
      <subfield code="c">NLGGC</subfield>
      <subfield code="d">QGJ</subfield>
      <subfield code="d">OCLCA</subfield>
      <subfield code="d">QGJ</subfield>
      <subfield code="d">OCLCQ</subfield>
      <subfield code="d">OCLCO</subfield>
      <subfield code="d">OCLCQ</subfield>
      <subfield code="d">OCLCL</subfield>
      <subfield code="d">OCLCQ</subfield>
      <subfield code="d">QGJ</subfield>
      <subfield code="d">OCLCO</subfield>
      <subfield code="d">OCLCL</subfield>
      <subfield code="d">QGJ</subfield>
    </datafield>
    <datafield tag="029" ind1="0" ind2=" ">
      <subfield code="a">NLGGC</subfield>
      <subfield code="b">081973365</subfield>
    </datafield>
    <datafield tag="035" ind1=" " ind2=" ">
      <subfield code="a">(OCoLC)65728650</subfield>
    </datafield>
    <datafield tag="041" ind1="1" ind2=" ">
      <subfield code="a">ger</subfield>
      <subfield code="h">dut</subfield>
    </datafield>
    <datafield tag="082" ind1=" " ind2="4">
      <subfield code="a">093</subfield>
      <subfield code="q">OCoLC</subfield>
      <subfield code="1">https://id.oclc.org/worldcat/ddc/E3WkXT8xgBJXB8jrjhkT99Xtq6</subfield>
    </datafield>
    <datafield tag="100" ind1="0" ind2=" ">
      <subfield code="a">Menno Simons,</subfield>
      <subfield code="d">1496-1561,</subfield>
      <subfield code="e">author.</subfield>
      <subfield code="4">aut</subfield>
      <subfield code="1">https://id.oclc.org/worldcat/entity/E39PBJdx9bhXChcFvGby7TjjYP</subfield>
    </datafield>
    <datafield tag="240" ind1="1" ind2="0">
      <subfield code="a">Fondament ende clare aenwijsinge van de salichmakende leere Jesu Christi.</subfield>
      <subfield code="l">German</subfield>
    </datafield>
    <datafield tag="245" ind1="1" ind2="0">
      <subfield code="a">Fundamentum :</subfield>
      <subfield code="b">Ein Fundament vnd klare Anweisung von der Seligmachenden Lehre vnsers Herren Jesu Christi. Auss Gottes Wort kurtz begriffen. /</subfield>
      <subfield code="c">Auss Niderlendischer Sprach in Hochteutsch gebracht vnd vbergesetzt, zusampt etlichen andern Leerhafften Büchlin, von dem Author dises Fundaments auch beschriben vnd gemacht, So vor dieser zeit besonder sind gedruckt gewesen, Nu aber auch hiebey gefügt vnd gestellt, Vnd also zu einem gemeinen Handbüch geordnet vnd gemacht. Durch M. S. Item, Alle Puncten vnd Artickel, auch allerley Sprüch vnd Vermanungen, in diesem Büch begriffen, leichtlich zu finden, Ist hinden ein hülflich vnd schön Register hin zu gemacht vnd gedruckt.</subfield>
    </datafield>
    <datafield tag="246" ind1="3" ind2=" ">
      <subfield code="a">Fvndamentvm :</subfield>
      <subfield code="b">Ein Fundament vnd klare Anweisung von der Seligmachenden Lehre vnsers Herren Jesu Christi. Auss Gottes Wort kurtz begriffen</subfield>
    </datafield>
    <datafield tag="246" ind1="3" ind2=" ">
      <subfield code="a">Fundament und klare Anweisung</subfield>
    </datafield>
    <datafield tag="264" ind1=" " ind2="1">
      <subfield code="a">[Place of publication not identified] :</subfield>
      <subfield code="b">[publisher not identified]</subfield>
      <subfield code="c">Gedruckt im Jar, 1575.</subfield>
    </datafield>
    <datafield tag="300" ind1=" " ind2=" ">
      <subfield code="a">[14], 851, [34] pages ;</subfield>
      <subfield code="c">16 cm (8vo)</subfield>
    </datafield>
    <datafield tag="300" ind1=" " ind2=" ">
      <subfield code="a">[8] leaves, 664 pages, [4] leaves, pages 665-851, [1] page, [17] leaves ;</subfield>
      <subfield code="c">16 cm (8vo)</subfield>
    </datafield>
    <datafield tag="336" ind1=" " ind2=" ">
      <subfield code="a">text</subfield>
      <subfield code="b">txt</subfield>
      <subfield code="2">rdacontent</subfield>
    </datafield>
    <datafield tag="337" ind1=" " ind2=" ">
      <subfield code="a">unmediated</subfield>
      <subfield code="b">n</subfield>
      <subfield code="2">rdamedia</subfield>
    </datafield>
    <datafield tag="338" ind1=" " ind2=" ">
      <subfield code="a">volume</subfield>
      <subfield code="b">nc</subfield>
      <subfield code="2">rdacarrier</subfield>
    </datafield>
    <datafield tag="340" ind1=" " ind2=" ">
      <subfield code="m">8vo</subfield>
      <subfield code="2">rdabf</subfield>
    </datafield>
    <datafield tag="500" ind1=" " ind2=" ">
      <subfield code="a">M.S. is Menno Simons (VD 16).</subfield>
    </datafield>
    <datafield tag="500" ind1=" " ind2=" ">
      <subfield code="a">Also contains, with separate title pages: Von dem rechten Christen Glauben, der des Menschen Hertz vmbkert, verändert, Gottsförchtig, auffrecht, new, friedsam, frölich, vnd selig macht. Mit seiner rechten natürlichen eigenschafft, art, natur, wirckung, vnd krefften. Jm Jar 1556. widerumb mit grossem fleiss durchsehen, vnd was förmlicher festellt. Durch M.S. [pages 299-511] -- Ein schöne vnd gründtliche Lere, auss des Herren Wort, Alle menschen, die sich nach Christus Namen nennen lassen, ernstlich vermanende zu der him[m]lischen geburt, vnd newen Creatur, Ohn welche niemand (der zu seinem verstand kommen) ein warhafftiger Christ ist, noch sein kan. Jm Jar 1556. widerumb mit grossem fleiss durchsehen, gemehret vnd gebessert. [pages 513-549] -- Vermanung, die sehr lieblich vnd tröstlich ist, an die zerstrewten vnd vnbekante Kinder Gottes, Jm Jar 56. der mindern zal, gantz brüderlich geschriben. [pages 551-559] -- Ein Tröstliche Vermanung, von dem Leiden, Creutz, vnd verfolgung der Heiligen, vmb des Worts Gottes, vnd seiner gezeugnuss willen. [pages 561-664] -- Ein sehr liebliche Meditation, vnd Gottselige betrachtung, mit viel Christlicher Lere, für ein beküm[m]ert vnd betrübt Gewissen, das von der Welt, Fleisch, Hell, Sünd, Todt, vnd Teufel bestritten wird, Auff den fünff vnd zwentzigsten Psalm (ad te leuaui animam meam, in Latein genant.) Bittenderweiss verfasset. [pages 665-719] -- Ein klare Vnderweisung auss des Herren Wort, von der Geistlichen Aufferstendnuss, vnd newen oder himmelischen Geburt. [pages 721-747] -- Ein gründliche Vnderweidung oder bericht, von der Excommunication, Bann, Aussschliessung oder Absonderung der Kirchen Christi, Was der in der krafft feye, Vber was leuter gehn müss, Vnd welchs seine fürnembsten vrsachen, end, vnd örter seind, &amp;c. [pages 749-851].</subfield>
    </datafield>
    <datafield tag="500" ind1=" " ind2=" ">
      <subfield code="a">Also contains: Ein liebliche ja auch ernstliche Underweisung und Lere, wie alle fromme Eltern ihre Kinder ... pflichtig und schuldig seind zu regieren ...</subfield>
    </datafield>
    <datafield tag="500" ind1=" " ind2=" ">
      <subfield code="a">Signatures: )(⁸, A-Z⁸, a-z⁸, aa-kk⁸; )(8 and kk8 are blank.</subfield>
    </datafield>
    <datafield tag="500" ind1=" " ind2=" ">
      <subfield code="a">With initials, manicules, tail-pieces and printed marginalia.</subfield>
    </datafield>
    <datafield tag="500" ind1=" " ind2=" ">
      <subfield code="a">Title in black and red in typographical border.</subfield>
    </datafield>
    <datafield tag="500" ind1=" " ind2=" ">
      <subfield code="a">Imprint: Gedruckt im Jar, 1575.</subfield>
    </datafield>
    <datafield tag="500" ind1=" " ind2=" ">
      <subfield code="a">Includes index.</subfield>
    </datafield>
    <datafield tag="510" ind1="4" ind2=" ">
      <subfield code="a">Hillerbrand, H.J. Bibliography of Anabaptism, 1520-1630 (1962 ed.),</subfield>
      <subfield code="c">2911</subfield>
    </datafield>
    <datafield tag="510" ind1="4" ind2=" ">
      <subfield code="a">Hillerbrand, H.J. Anabaptist bibliography, 1520-1630 (1991 ed.),</subfield>
      <subfield code="c">3218D</subfield>
    </datafield>
    <datafield tag="510" ind1="4" ind2=" ">
      <subfield code="a">Boekenoogen, J.G. Cat. der werken over de Doopsgezinden,</subfield>
      <subfield code="c">p. 88</subfield>
    </datafield>
    <datafield tag="510" ind1="4" ind2=" ">
      <subfield code="a">Horst, I.B. Bib. of Menno Simons,</subfield>
      <subfield code="c">21</subfield>
    </datafield>
    <datafield tag="510" ind1="4" ind2=" ">
      <subfield code="a">Verzeichnis der im deutschen Sprachbereich erschienenen Drucke des XVI. Jahrhunderts (VD 16),</subfield>
      <subfield code="c">S 6570</subfield>
      <subfield code="u">https://gateway-bayern.de/VD16+S+6570</subfield>
    </datafield>
    <datafield tag="650" ind1=" " ind2="0">
      <subfield code="a">Mennonites</subfield>
      <subfield code="x">Doctrines</subfield>
      <subfield code="v">Early works to 1800.</subfield>
    </datafield>
    <datafield tag="650" ind1=" " ind2="0">
      <subfield code="a">Theology, Doctrinal</subfield>
      <subfield code="v">Early works to 1800.</subfield>
    </datafield>
    <datafield tag="650" ind1=" " ind2="0">
      <subfield code="a">Mennonites</subfield>
      <subfield code="x">History</subfield>
      <subfield code="v">Sources.</subfield>
    </datafield>
    <datafield tag="650" ind1=" " ind2="6">
      <subfield code="a">Mennonites</subfield>
      <subfield code="x">Doctrines</subfield>
      <subfield code="v">Ouvrages avant 1800.</subfield>
    </datafield>
    <datafield tag="650" ind1=" " ind2="6">
      <subfield code="a">Théologie dogmatique</subfield>
      <subfield code="v">Ouvrages avant 1800.</subfield>
    </datafield>
    <datafield tag="650" ind1=" " ind2="6">
      <subfield code="a">Mennonites</subfield>
      <subfield code="x">Histoire</subfield>
      <subfield code="v">Sources.</subfield>
    </datafield>
    <datafield tag="650" ind1=" " ind2="7">
      <subfield code="a">Mennonites</subfield>
      <subfield code="2">fast</subfield>
    </datafield>
    <datafield tag="650" ind1=" " ind2="7">
      <subfield code="a">Mennonites</subfield>
      <subfield code="x">Doctrines</subfield>
      <subfield code="2">fast</subfield>
    </datafield>
    <datafield tag="650" ind1=" " ind2="7">
      <subfield code="a">Theology, Doctrinal</subfield>
      <subfield code="2">fast</subfield>
    </datafield>
    <datafield tag="655" ind1=" " ind2="7">
      <subfield code="a">Early works</subfield>
      <subfield code="2">fast</subfield>
    </datafield>
    <datafield tag="655" ind1=" " ind2="7">
      <subfield code="a">History</subfield>
      <subfield code="2">fast</subfield>
    </datafield>
    <datafield tag="655" ind1=" " ind2="7">
      <subfield code="a">Sources</subfield>
      <subfield code="2">fast</subfield>
    </datafield>
    <datafield tag="740" ind1="0" ind2=" ">
      <subfield code="a">Liebliche ja auch ernstliche Underweisung und Lere.</subfield>
    </datafield>
  </record>